| 000 | 00959cam a2200253 4500 | ||
|---|---|---|---|
| 001 | ABS64802 | ||
| 008 | 011205n2001 000 0 eng u | ||
| 035 | _a(Sirsi) u115868 | ||
| 100 | _aWhite, G. | ||
| 245 | _aIf the shoe fits... | ||
| 260 | _c2001 | ||
| 490 |
_aHousing Today _v(259) 8 October 2001, 14(1) |
||
| 520 | _aWelsh local authorities have an estimated £750m backlog of repairs and maintenance to council housing stock. The national housing strategy for Wales published in early October 2001 stated that stock transfer would be the 'only solution' for many local authorities. Considers the views of leading experts. | ||
| 590 | _aABS | ||
| 650 | _aHOUSING STOCK TRANSFER | ||
| 650 | _aWALES | ||
| 650 | _aLOCAL AUTHORITIES | ||
| 650 | _aCOUNCIL HOUSING | ||
| 650 | _aREPAIRS | ||
| 650 | _aBUILT ENVIRONMENT-BUILDING MAINTENANCE AND REFURBISHMENT | ||
| 650 | _aSTOCK TRANSFER | ||
| 690 |
_aAffordable housing _96215 |
||
| 942 | _n0 | ||
| 999 |
_c69028 _d69028 |
||